| Поле | Инд. | ПП | Название | Значение |
|---|---|---|---|---|
| Тип записи | a | |||
| Библиографический уровень | m | |||
| 001 | Контрольный номер | RU/LIBMSTU/320581866 | ||
| 005 | Дата корректировки | 20160127104207.1 | ||
| 008 | Кодируемые данные | 100302|||||||||ru |||||||||||000|||rus|| | ||
| 020 | a | ISBN | 978-5-390-00119-6 | |
| c | Цена, тираж | 199-76 | ||
| 040 | b | Код языка каталог. | rus | |
| 041 | a | Код языка текста | rus | |
| 084 | a | Индекс другой классификации/Индекс ББК | 60.50я7+65в6+66.0я7 | |
| 090 | a | Полочн. индекс | 60.5 | |
| x | Авторский знак | В 35 | ||
| 100 | 1_ | a | Автор | Вертакова Ю. В. |
| 245 | 10 | a | Заглавие | Исследование социально-экономических и политических процессов |
| b | Продолж. заглавия | учеб. пособие для вузов | ||
| 260 | a | Место издания | Москва | |
| b | Издательство | КноРус | ||
| c | Дата издания | 2009 | ||
| 300 | a | Объем | 335, [1] с. | |
| b | Иллюстрации/ тип воспроизводства | ил. | ||
| 504 | a | Библиография | Библиогр.: с. 335-336 | |
| 650 | a | Основная рубрика | Общественные науки-Методология-Учебные издания для высших учебных заведений | |
| 650 | 14 | a | Основная рубрика | Социально-экономические процессы-Исследование-Учебные издания для высших учебных заведений |
| 650 | 14 | a | Основная рубрика | Политические процессы-Исследование-Учебные издания для высших учебных заведений |
| 653 | a | Ключевые слова | Исследования | |
| a | Ключевые слова | Методология | ||
| a | Ключевые слова | Общественные науки | ||
| a | Ключевые слова | Процессы политические | ||
| a | Ключевые слова | Процессы социально-экономические | ||
| a | Ключевые слова | Социометрия | ||
| 700 | a | Другие авторы | Согачева О. В. | |
| 901 | t | Тип документа | m | |
| 952 | b | Гриф литературы для ВШ | Допущено УМО по образованию в области менеджмента | |
| c | Вид литературы | учебное пособие |